000 00521nam a22001577a 4500
003 NUST
082 _a200
100 _aShabbir, Almas
_997543
245 _aPakistan Stock Market Prediction with Sentiment Analysis and Influence of Twitter User /
_cAlmas Shabbir
264 _aIslamabad :
_bSEECS, NUST,
_c2022.
300 _a68 p. ;
650 _aMS- Information Technology
_926924
700 _aSupervisor: Dr. Rabia Irfan
_996910
856 _uhttp://10.250.8.41:8080/xmlui/handle/123456789/30041
942 _2ddc
_cSC
999 _c591096
_d591096